Mastering communication and professional skills: From reading to writing (Record no. 396906)
[ view plain ]
| 000 -LEADER | |
|---|---|
| fixed length control field | 00583 a2200205 4500 |
| 005 - DATE & TIME | |
| control field | 20260417111348.0 |
| 008 - FIXED-LENGTH DATA ELEMENTS--GENERAL INFORMATION | |
| fixed length control field | 260416b |||||||| |||| 00| 0 eng d |
| 020 ## - ISBN | |
| International Standard Book Number | 9789392262906 |
| Price | Rs. 2150.00 |
| 040 ## - CATALOGING SOURCE | |
| Original cataloging agency | VIVEKANANDA LIBRARY |
| 082 ## - DDC NUMBER | |
| Classification number | 158.2 |
| Book Number | S23M |
| 100 ## - MAIN ENTRY--PERSONAL NAME | |
| Personal name | Sharma, Sandeep |
| 245 ## - TITLE STATEMENT | |
| Title | Mastering communication and professional skills: From reading to writing |
| 260 ## - PUBLICATION, DISTRIBUTION, ETC. (IMPRINT) | |
| Name of publisher, distributor, etc | Book Enclave |
| Date of publication, distribution, etc | 2024 |
| Place of publication, distribution, etc | Jaipur |
| 300 ## - PHYSICAL DESCRIPTION | |
| Pages | 287 |
| 650 ## - Subject | |
| Subject | Communication Skills |
| 650 ## - Subject | |
| Subject | Professional Skills |
| 650 ## - Subject | |
| Subject | Applied Psychology |
| 650 ## - Subject | |
| Subject | Personality Development |
| 942 ## - ADDED ENTRY ELEMENTS (KOHA) | |
| Koha item type | Books |
| Withdrawn status | Lost status | Source of classification or shelving scheme | Damaged status | Not for loan | Location (home branch) | Sublocation or collection (holding branch) | Shelving location | Date acquired | Koha issues (times borrowed) | Koha full call number | Accession No. | Koha date last seen | Koha item type |
|---|---|---|---|---|---|---|---|---|---|---|---|---|---|
| Dewey Decimal Classification | VIVEKANANDA LIBRARY | VIVEKANANDA LIBRARY | IMSAR Library | 25/02/2026 | 158.2 S23M | 420930 | 25/02/2026 | Books |
